000 00567nam a2200181Ia 4500
008 090122s9999 xx 000 0 und d
082 _b14000
_a891.468
100 _aतुस्कानो
_bजोसेफ
245 _aकृष्णविवर
260 _bअनघा
_c2008
300 _a92
501 _a028 - 26/12/2008 अनघा प्रकाशन ठाणे
600 _aतुस्कानो
630 _aकृष्णविवर
700 _aतुस्कानो
730 _aकृष्णविवर
942 _cBOOK
999 _c38077
_d38077